| 000 | 00653na a2200217 4500 | ||
|---|---|---|---|
| 001 | 21599 | ||
| 003 | MIRAKIL | ||
| 005 | 20181213154831.0 | ||
| 008 | 170205b tu 000 0 | ||
| 020 | _a9757008133 | ||
| 040 |
_aMilas _btur _cTR-AnCHP |
||
| 041 | _atur | ||
| 082 |
_a320.9561 _bK87 2001 |
||
| 090 | _a320.9561 K87 2001 | ||
| 111 |
_aFlash Tv Flash Gündem _d22 Nisan 2001 |
||
| 245 |
_aKuşatılmışlar ülkesi Türkiye _cKatılımcılar Anıl Çeçen, Sinan Sönmez, Gürol Ergin |
||
| 260 |
_aAnkara _bART Basın Yayın _c2001 |
||
| 300 |
_a155 s. _c19 sm. |
||
| 651 |
_aTürkiye _xSiyaset ve yönetim _3Tartışma |
||
| 942 |
_2ddc _cBKS |
||
| 999 |
_c1674 _d1674 |
||